[Event "81st ARM-ch 2021"]
[Site "Yerevan"]
[Date "2021.02.24"]
[Round "8.1"]
[White "Sargsyan, Shant"]
[Black "Andriasian, Zaven"]
[Result "1/2-1/2"]
[WhiteElo "2596"]
[BlackElo "2606"]
[Annotator "TA"]
[PlyCount "86"]
[EventDate "2021.02.16"]
[EventType "tourn"]
[EventCountry "ARM"]
[SourceTitle "playchess.com"]
[Source "ChessBase"]
[SourceQuality "1"]

{[%evp 14,86,22,-24,37,28,65,68,68,65,70,76,87,56,59,56,65,58,108,103,127,143,149,164,172,147,162,158,302,289,302,285,279,262,293,186,252,235,246,212,275,271,260,244,298,269,276,220,230,206,173,200,208,197,193,183,179,125,142,141,180,77,136,0,0,0,0,0,0,0,0,0,0,0,0]} 1. e4 c5 2. Nf3 d6 3. d4 cxd4 4. Nxd4 Nf6 5. Nc3 a6 6. Bg5 e6 7. f4 Qb6 8. Qd3 Nc6 {B97: Sicilian Najdorf: Poisoned Pawn.} ({Black should play} 8... Qxb2 $11 9. Rb1 Qa3) 9. O-O-O Bd7 {[#]} 10. Nxc6 $146 ({Predecessor:} 10. Be2 Qxd4 11. Qxd4 Nxd4 12. Rxd4 Bc6 13. Bf3 Be7 14. Bxf6 gxf6 15. Rd3 h5 16. Ne2 h4 17. Nd4 Bd7 {½-½ (17) Liu,G (2462)-Matinian,N (2499) Lorca 2017}) 10... Bxc6 {White is slightly better.} 11. f5 Qc5 12. Be2 Be7 13. Be3 Qa5 14. fxe6 fxe6 15. Qc4 Bd7 16. Qb3 $36 {[%mdl 2048] White is on the roll.} Rc8 17. Qxb7 Rxc3 18. bxc3 O-O 19. Qb4 Qc7 {[#]} 20. Bf4 $1 (20. Bxa6 $6 Rb8 $11) 20... a5 (20... Qa7 $16 {was worth a try.}) 21. Bxd6 $18 (21. Qd4 Rc8 $16) 21... Bxd6 22. Qxd6 Qxc3 23. Qd4 Qa3+ 24. Kd2 e5 (24... Bc6 {was necessary.}) 25. Qd3 ({But not} 25. Qxe5 $2 Re8 $19) 25... Qe7 26. Ke1 Be6 27. Qd6 Qf7 28. Rf1 Bxa2 29. Qa3 Ra8 30. Rd6 a4 31. Ra6 Rxa6 32. Bxa6 Bc4 {[#]} 33. Bxc4 ({Don't take} 33. Qxa4 $6 Bxf1 34. Bxf1 Kh8 $16) 33... Qxc4 {[%mdl 4096] Endgame KQR-KQN} 34. Qd3 Qb4+ 35. Ke2 (35. c3 $18 Qb6 36. Ke2) 35... h6 36. Kf3 Kh7 37. Ra1 (37. h3 $18 {has better winning chances.}) 37... h5 (37... Nd7 $142) 38. h3 (38. g3 $16) 38... h4 $1 $11 {The position is equal.} 39. c4 Nh5 40. Kg4 {[%mdl 64] Double Attack} Nf4 41. Qd7 Qc3 {( -> ...Qg3+)} 42. Qf5+ (42. Qxa4 $2 {leads to mate.} Qg3+ 43. Kf5 Qg6+ 44. Kxe5 Qf6#) 42... Kg8 {[%csl Gh4][%cal Rc3g3]} 43. Qc8+ Kh7 {Black defended with fortune.  Weighted Error Value: White=0.18/Black=0.21} 1/2-1/2

[Event "81st ARM-ch 2021"]
[Site "Yerevan"]
[Date "2021.02.24"]
[Round "8.2"]
[White "Petrosyan, Manuel"]
[Black "Babujian, Levon"]
[Result "1-0"]
[WhiteElo "2628"]
[BlackElo "2455"]
[Annotator "TA"]
[PlyCount "101"]
[EventDate "2021.02.16"]
[EventType "tourn"]
[EventCountry "ARM"]
[SourceTitle "playchess.com"]
[Source "ChessBase"]
[SourceQuality "1"]

{[%evp 9,101,22,19,10,7,-6,9,23,15,18,31,22,32,23,26,25,60,61,110,10,12,9,49,50,140,0,0,0,0,0,0,0,0,0,0,0,0,0,87,59,92,54,50,0,0,-22,0,0,0,-7,0,0,0,0,0,0,0,0,0,0,7,8,8,4,52,45,146,121,216,197,200,176,1437,1395,1315,1706,1438,1491,1413,1201,1255,1232,1246,1248,1188,1212,1193,1188,1186,1181,1132,1083,1552,1489]} 1. d4 Nf6 2. c4 g6 3. Nc3 d5 4. cxd5 Nxd5 5. Bd2 Nb6 6. e3 {D85: Exchange Grünfeld: Unusual White 7th moves and lines with 7 Nf3.} Bg7 7. h4 $5 {[%mdl 4] [#] Exploring less charted territory.} Nc6 $146 ({Predecessor:} 7... h5 8. Nf3 Bg4 9. Qb3 O-O 10. Ng5 e5 11. d5 c6 12. f3 Bc8 13. dxc6 Nxc6 {1-0 (32) Anton Guijarro,D (2675)-Svidler,P (2723) chess24.com INT 2020}) 8. f4 {The position is equal.} h5 9. Nf3 O-O 10. Ng5 Bg4 11. Be2 Bxe2 12. Qxe2 Nb4 13. Rc1 {[%cal Ba1c1,Bc1c5,Bc5b5][%mdl 32]} a5 14. Nce4 (14. f5 $16) 14... Nxa2 $11 15. Rc5 Na4 (15... Nd7 $5 {[%cal Rd7c5]} 16. Rxa5 Rxa5 17. Bxa5 Nf6 $11) 16. Rb5 (16. Rxa5 Rxa5 17. Bxa5 Qd5 $17) 16... Nb4 (16... Qd7 $1 $14) 17. g4 ({Worse is} 17. Rxb7 Qc8 $17) ({White should play} 17. O-O $16) 17... c6 $1 {[%cal Rc6b5]} 18. Rxb7 Qc8 19. Rxe7 Qxg4 {next ...Nd5 is good for Black.} ({Don't play} 19... Nd5 $6 {[#]} 20. Rxf7 $1 Rxf7 21. Nxf7 $16) 20. Qxg4 hxg4 21. b3 Nb6 22. Ke2 N6d5 23. Rb7 Rae8 (23... f6 $11 {remains equal.} 24. Rxg7+ {[%mdl 64] Decoy} Kxg7 25. Ne6+ {[%mdl 64] Double Attack} Kh6 26. Nxf8 Rxf8) 24. h5 gxh5 25. f5 ({Of course not} 25. Rxh5 Nc2 $11) 25... Rb8 26. Ra7 (26. Rd7 $5 {[%cal Rh1h5]}) 26... Nc2 $36 {[%mdl 2048] White is under pressure.} 27. f6 Nxf6 28. Nxf6+ Bxf6 29. Ne4 Bg7 30. Rxh5 {[#] Black must now prevent Rg5.} Rfe8 {And now ...Nxd4+! would win.} 31. Kd3 {aiming for Rg5.} Nb4+ 32. Bxb4 Rxb4 33. Nc5 Bf6 34. Rxa5 Kg7 35. Ra6 Rc8 36. Kc3 Rbb8 37. Rf5 {Hoping for Nd7.} Rb5 ({Better is} 37... Be7 $1 $14) 38. Kc4 {Threatens to win with Rxc6!} g3 (38... Be7 $16) 39. Rf3 $18 Bh4 40. Rf4 Rh8 (40... Be7) 41. Rg4+ {White is clearly winning.} Kf6 42. Rxc6+ Kf5 43. Rf4+ Kg5 44. Kxb5 g2 45. Ne4+ Kh5 46. Rc5+ f5 47. Rfxf5+ Kg4 48. Rf4+ Kh3 49. Ng5+ Kg3 50. Nf3 Rb8+ 51. Kc4 {Weighted Error Value: White=0.17/Black=0.20} 1-0

[Event "81st ARM-ch 2021"]
[Site "Yerevan"]
[Date "2021.02.24"]
[Round "8.3"]
[White "Gabuzyan, Hovhannes"]
[Black "Pashikian, Arman"]
[Result "1/2-1/2"]
[WhiteElo "2557"]
[BlackElo "2606"]
[Annotator "TA"]
[PlyCount "82"]
[EventDate "2021.02.16"]
[EventType "tourn"]
[EventCountry "ARM"]
[SourceTitle "playchess.com"]
[Source "ChessBase"]
[SourceQuality "1"]

{[%evp 9,82,6,12,11,9,13,13,17,12,12,10,-25,-26,-32,-20,-16,-2,-13,-18,-12,-8,-24,0,0,0,-33,-16,-25,-33,-35,-30,-39,-47,-44,-27,-28,0,0,-1,-39,0,0,0,0,0,0,0,-124,93,92,72,64,87,83,82,6,14,0,0,0,0,0,0,-7,0,0,0,0,0,0,0,0,0,0,0]} 1. b3 d5 2. Bb2 Bf5 3. g3 e6 4. Bg2 Nf6 5. d3 Be7 6. Nd2 {A01: Nimzowitsch-Larsen Opening.} h6 7. e4 Bh7 8. Ngf3 {8.Nh3 is the recent fashion.} O-O 9. Qe2 a5 {[%cal Ba7a5,Ba5a4][%mdl 32]} 10. a3 a4 11. b4 c5 {[#]} 12. b5 $146 ({Predecessor:} 12. e5 Nfd7 13. bxc5 Bxc5 14. O-O Qb6 15. Rfb1 Qa6 16. Nf1 Nc6 17. Ne3 Qa7 18. Ng4 {0-1 (38) Rickford,R-Blohm,D Berkeley 1979}) 12... Qa5 13. c4 dxe4 14. dxe4 Nxe4 {next ...Rd8 is good for Black.} 15. O-O Nf6 16. Ne5 Qc7 17. Rad1 Nbd7 18. Nxd7 Nxd7 ({Much worse is} 18... Qxd7 19. Ne4 $14) 19. Ne4 Rad8 20. h4 Bf5 21. Rfe1 Nb6 22. Bc3 Rxd1 23. Rxd1 Nc8 24. Qc2 Rd8 25. Qxa4 Nb6 26. Rxd8+ Qxd8 27. Qa7 Nxc4 28. Qxb7 (28. Nxc5 $11 b6 29. Nd7) 28... Nxa3 $2 {[#]} (28... Bf8 $1 $17 {keeps the pressure on.} 29. Qc6 Qd3) 29. Nd2 $1 $16 Bd6 30. Qa6 {[%mdl 1024] White has strong compensation.} Nc2 31. Ba5 Qf8 {[#]} 32. Nc4 (32. b6 $1 $16 {[%cal Rb6b7]}) 32... Bb8 $1 $11 {The position is equal.} 33. Nb6 {Hoping for Nd7.} Qd8 {White must now prevent ...Qd1+.} 34. Nc8 Qd1+ 35. Kh2 Kh7 36. Ne7 {Threatens to win with Qc8!} Bxg3+ 37. fxg3 Ne3 {( -> ...Ng4+)} 38. Qa8 {[%csl Ge7][%cal Ra8g8]} Ng4+ 39. Kh3 {[%csl Ge7][%cal Ra8g8]} Nf2+ {[%mdl 64] Discovered Attack (Double check)} 40. Kh2 {[%csl Ge7][%cal Ra8g8]} Ng4+ 41. Kh3 {[%csl Ge7][%cal Ra8g8]} Nf2+ {[%mdl 64] Discovered Attack (Double check).  Weighted Error Value: White=0.15/Black=0.16} 1/2-1/2

[Event "81st ARM-ch 2021"]
[Site "Yerevan"]
[Date "2021.02.24"]
[Round "8.4"]
[White "Hovhannisyan, Robert"]
[Black "Ter-Sahakyan, Samvel"]
[Result "0-1"]
[WhiteElo "2642"]
[BlackElo "2640"]
[Annotator "TA"]
[PlyCount "120"]
[EventDate "2021.02.16"]
[EventType "tourn"]
[EventCountry "ARM"]
[SourceTitle "playchess.com"]
[Source "ChessBase"]
[SourceQuality "1"]

{[%evp 18,120,20,19,24,2,11,11,5,14,6,0,0,0,0,0,0,0,0,0,0,0,0,0,0,0,6,0,0,0,0,0,0,0,0,0,0,0,0,0,0,0,46,1,12,0,0,0,0,0,0,0,54,0,0,-66,-16,-74,-53,-112,-112,-112,-99,-119,-112,-116,-70,-89,-15,-112,-25,-38,0,-94,-96,-270,-245,-316,-315,-500,-498,-549,-448,-744,-563,-798,-795,-795,-759,-779,-750,-691,-680,-739,-695,-2007,-1933,-29979,-29980,-29980,-29981,-29981,-29982,-29988,-29982]} 1. e4 c5 2. Nf3 d6 3. d4 cxd4 4. Nxd4 Nf6 5. Nc3 a6 6. Be2 e5 7. Nb3 Be7 8. Be3 Be6 9. O-O O-O 10. Qd3 Nbd7 $1 {The main line 10...Nbd7 scores better than 10...Nc6. B92: Sicilian Najdorf: 6 Be2.} 11. a4 Rc8 12. a5 Qc7 {The position is equal.} 13. Rfd1 Rfd8 14. Bf3 Nc5 15. Nxc5 dxc5 16. Nd5 Nxd5 17. exd5 f5 $1 18. Qb3 Bf7 19. c4 e4 20. Be2 f4 21. Bd2 {Threatening Bg4.} Rf8 22. Bg4 Rce8 23. Qb6 Qxb6 24. axb6 Bd6 25. Re1 h5 26. Bd1 Bg6 27. Bc2 Bf5 28. Re2 {[#]} Re7 $146 ({Predecessor:} 28... g5 29. Rf1 g4 30. g3 f3 31. Ree1 h4 32. Re3 hxg3 33. hxg3 Be5 34. Rfe1 Bd4 {0-1 (61) Grabner,H (2334)-Antunes,A (2355) ICCF email 2018}) 29. Bc3 Rfe8 30. Rae1 {f3 is the strong threat.} (30. f3 $5 {[%cal Ra1e1]}) 30... Bh7 31. g3 f3 $1 {[%cal Rf3e2]} 32. Re3 h4 $1 33. Rb1 hxg3 34. hxg3 Rc8 (34... Kf7 $11) 35. Kf1 (35. Kh2 $14) 35... Kf7 $11 36. Ke1 (36. Rbe1 $11) 36... Bf5 37. Kd2 (37. Kf1 $11) 37... Rh8 $1 $17 {[%cal Rh8h2] Hoping for ...Rh2.} 38. Rg1 ({Better is} 38. Rf1 $1 $15) 38... Rh2 39. Ke1 g5 40. Bb1 g4 41. Rf1 Kg6 42. Kd1 {[#]} Re8 (42... Rxf2 $1 $17 43. Rxf2 Bxg3) 43. b3 (43. Bd2 $11 {keeps the balance.}) 43... Kf7 (43... Bf8 $17 44. Rfe1 Rxf2 45. Bxe4 Bxe4 46. Rxe4 Rxe4 47. Rxe4 Rf1+ 48. Re1 Rxe1+ 49. Kxe1 Kf5) 44. Bd2 $1 $11 Bf8 45. Kc1 {[#]} (45. Ree1 $1 $11 {remains equal.}) 45... Bh6 $1 $17 46. Kb2 $2 {Now White is beyond hope.} (46. Kd1 $17) 46... Bg7+ $19 (46... Bxe3 47. Bxe3 Reh8 48. Bxc5 $15) 47. Ka3 {If only White now had time for Ree1....} Bd4 48. d6 (48. Bc1 $142) 48... Re6 49. d7 Ke7 50. Rd1 (50. Ka4 $142) 50... Kxd7 51. Bc3 Rxf2 52. Bxe4 {[#]} Ke7 $1 53. Bxd4 cxd4 ({Not} 53... Bxe4 $2 54. Bxc5+ Kf6 {[#]} 55. Rxe4 $1 $18 {[%mdl 512]}) 54. Rxd4 {[#]} Re2 $1 55. Bxf5 (55. Rxf3 R2xe4) 55... R2xe3 56. Rxg4 Rxb6 {KRR-KRB} 57. Ka4 Rbxb3 {Black mates.} 58. Rf4 b6 {[%cal Bb7b6,Bb6c5][%mdl 32]} 59. c5 bxc5 {[%csl Ge3][%cal Rb3a3]} 60. Ka5 Rb4 {[%cal Re3a3] Weighted Error Value: White=0.59/Black=0.12} 0-1

[Event "81st ARM-ch 2021"]
[Site "Yerevan"]
[Date "2021.02.24"]
[Round "8.5"]
[White "Martirosyan, Haik M."]
[Black "Gharibyan, Mamikon"]
[Result "1/2-1/2"]
[WhiteElo "2622"]
[BlackElo "2423"]
[Annotator "TA"]
[PlyCount "111"]
[EventDate "2021.02.16"]
[EventType "tourn"]
[EventCountry "ARM"]
[SourceTitle "playchess.com"]
[Source "ChessBase"]
[SourceQuality "1"]

{[%evp 17,111,0,0,0,0,-20,-9,-24,-14,-24,-40,-67,-53,-45,0,0,18,27,23,0,0,6,20,24,20,0,6,14,28,31,39,53,46,43,46,42,64,9,18,23,19,8,10,12,13,-4,10,0,21,15,37,-41,32,7,18,0,27,4,2,0,73,19,8,19,37,27,87,13,8,0,0,0,0,0,0,0,0,0,0,0,0,0,0,0,0,0,0,0,0,0,0,0,0,0,0,0]} 1. d4 Nf6 2. c4 e6 3. Nf3 b6 4. g3 Bb7 5. Bg2 Bb4+ 6. Nbd2 O-O 7. O-O d5 8. cxd5 exd5 9. Ne5 Re8 10. a3 {E16: Queen's Indian: 4 g3 Bb7 5 Bg2 Bb4+.} Bf8 11. Ndf3 Ne4 {[#]} 12. Bf4 $146 ({Predecessor:} 12. b4 f6 13. Nd3 Nc3 14. Qc2 Nxe2+ 15. Kh1 Nxc1 16. Raxc1 c6 17. Rfe1 Na6 18. Nf4 {0-1 (40) Hebbering,T (2156)-Maiorov,N (2563) Wunsiedel 2015}) 12... c5 13. dxc5 bxc5 14. Qb3 Qb6 15. Qa4 Nc6 {aiming for ...g5.} 16. Nd7 $1 {[%cal Rd7b6]} Qa6 ({Avoid the trap} 16... Qxb2 $2 17. Rab1 $18) 17. Qxa6 Bxa6 18. Nxf8 Kxf8 19. Rfe1 Rad8 20. Rac1 f6 21. h4 Bc4 22. Bh3 Re7 23. Bf5 g6 24. Bxe4 dxe4 25. Nd2 Ba6 26. Be3 Nd4 27. Rxc5 ({Better is} 27. Kf1 $14) 27... Nxe2+ $11 28. Kg2 {Threatens to win with Ra5.} Nd4 29. g4 Kf7 30. b4 Bb7 31. Kg3 Ne6 32. Rc3 f5 {Threatening ...f4+!} 33. Nc4 Kg7 34. Rec1 (34. Bxa7 $14 Red7 35. gxf5 gxf5 36. b5) 34... Rf8 (34... Bd5 $15) 35. gxf5 gxf5 36. Bf4 {next Bd6 is good for White.} Nd4 {Strongly threatening ...Ne2+.} ({But not} 36... Nxf4 $6 37. Kxf4 e3 38. Rxe3 $16) 37. Bd6 (37. Be5+ {keeps more tension.} Rxe5 38. Nxe5 Ne2+ 39. Kh2 Kg8 40. Rc7) 37... Ne2+ {[%mdl 64] Double Attack} 38. Kh2 Re6 {[#]} (38... Kf6 $11 {keeps the balance.}) 39. Bxf8+ (39. Rg3+ $1 $16 Kf7 40. Bxf8 Kxf8 41. Rd1) 39... Kxf8 40. Na5 Nxc1 41. Rxc1 {[%mdl 4096] Endgame KRB-KRN} Bd5 {[#]} (41... Ba6 $1 $11) 42. Rd1 ({White should play} 42. Rc5 $1 $16 {[%cal Rc5d5]} Rd6 43. Kg3) 42... Ba2 {The position is equal.} 43. Rd2 Bb1 44. Kg3 e3 45. fxe3 Rxe3+ 46. Kf4 Rxa3 47. Rd7 Ra4 48. Nc6 Be4 49. Nd4 Rxb4 {And now ...Ke8 would win.} 50. Ne6+ Ke8 51. Rxh7 Bd5+ 52. Ke5 Bxe6 53. Kxe6 {[%cal Rh7h8]} Kf8 54. Rxa7 Rxh4 55. Kf6 {[%cal Ra7a8]} Rh6+ 56. Kxf5 {Weighted Error Value: White=0.15/Black=0.13} 1/2-1/2

[Event "81st ARM-ch 2021"]
[Site "Yerevan"]
[Date "2021.02.24"]
[Round "8.6"]
[White "Petrosian, Tigran L."]
[Black "Harutyunian, Tigran K."]
[Result "0-1"]
[WhiteElo "2601"]
[BlackElo "2549"]
[Annotator "TA"]
[PlyCount "80"]
[EventDate "2021.02.16"]
[EventType "tourn"]
[EventCountry "ARM"]
[SourceTitle "playchess.com"]
[Source "ChessBase"]
[SourceQuality "1"]

{[%evp 9,80,0,5,-4,0,-8,-2,-18,-10,-12,0,-23,0,0,0,0,6,6,20,5,8,0,26,21,13,-25,0,0,17,0,30,0,239,0,13,0,0,0,0,0,0,0,0,-8,-11,-43,0,-116,-113,-160,-172,-181,-185,-328,-99,-117,-77,-54,110,73,242,220,212,89,199,0,0,-2268,-348,-2229,-2163,-12836,-12836]} 1. b3 d5 2. Bb2 Bf5 3. Nf3 e6 4. e3 Nf6 5. Be2 h6 6. d3 {A06: Réti Opening: 1 Nf3 d5.} Be7 7. Nbd2 a5 8. a3 {[#] The position is equal.} c5 $146 ({Predecessor:} 8... O-O 9. O-O c5 10. Re1 a4 11. Bf1 axb3 12. cxb3 Bh7 13. Qc2 Nc6 14. Rac1 Qb6 {1-0 (64) Grabinsky,A (2461)-Osmak,I (2438) chess.com INT 2020}) 9. Ne5 Bh7 10. g4 d4 11. exd4 cxd4 12. Bf3 Nd5 13. Bxd4 O-O 14. Bb2 Qc7 15. O-O Ra6 16. Re1 Nf4 17. Be4 f6 {Strongly threatening ...Bxe4.} 18. Bxh7+ Kxh7 19. Nec4 Nd7 (19... b5 $5 20. Ne3 $8 Nh3+ 21. Kg2 Nf4+ 22. Kg1 Nh3+ 23. Kg2 Nf4+ 24. Kg1 $14) 20. Qf3 f5 $2 (20... b5 $11 {and Black stays safe.}) 21. gxf5 $2 (21. Be5 $18 Nxe5 22. Qxf4) 21... Rxf5 22. a4 Bf6 23. Bxf6 Nxf6 24. Ne4 Nxe4 25. Rxe4 (25. Qxe4 $2 Nh3+ 26. Kg2 Nxf2 $19) 25... e5 26. Kh1 Raf6 {next ...Ne6 is good for Black.} 27. Rf1 Ne6 28. Qg3 (28. Qg2 $11) 28... Ng5 $1 $17 {[%cal Rg5e4]} 29. Rxe5 Qc6+ 30. Qg2 {Threatens to win with Rxf5.} Nf3 $1 {[%mdl 1024] Black has strong compensation.} 31. Re4 ({Don't go for} 31. Nxa5 $2 Qd7 $19) ({But not} 31. Rxa5 $2 Rg6 $1 $19 {[%mdl 512]}) (31. Rxf5 {only move.} Rxf5 32. Qg4) 31... Rh5 $2 (31... Rg5 $19 {has better winning chances.} 32. Qh3 Qc5) 32. h3 Qd7 $40 {[%mdl 128] Black is out for blood.} 33. Rg4 Rf4 $2 {[#]} 34. Ne5 $1 $16 {[%cal Re5d7][%mdl 512]} Rxh3+ $2 (34... Rxg4 35. Qxg4) 35. Qxh3 $18 Nxe5 {[#]} 36. Rg3 (36. Rh4 $1 $18) 36... Qd5+ (36... Qe7 $16 37. Kg1 Qf6) 37. Qg2 $2 (37. f3 $18) 37... Nf3 $1 $11 {Hoping for ...Rh4+.} 38. Rxg7+ $4 {[%mdl 8192]} (38. Rg1 $11 Rh4+ 39. Rh3 Rxh3+ 40. Qxh3 Nxg1+ 41. Kxg1) 38... Kh8 $19 {( -> ...Qh5+)} 39. Rg3 $2 (39. Rg8+ Qxg8 40. Qxg8+ Kxg8 41. Kg2) 39... Rh4+ 40. Rh3 Qh5 $1 {Weighted Error Value: White=0.81/Black=0.33} 0-1

[Event "81st ARM-ch 2021"]
[Site "Yerevan"]
[Date "2021.02.25"]
[Round "9.1"]
[White "Andriasian, Zaven"]
[Black "Hovhannisyan, Robert"]
[Result "1/2-1/2"]
[WhiteElo "2606"]
[BlackElo "2642"]
[Annotator "TA"]
[PlyCount "123"]
[EventDate "2021.02.16"]
[EventType "tourn"]
[EventCountry "ARM"]
[SourceTitle "playchess.com"]
[Source "ChessBase"]
[SourceQuality "1"]

{[%evp 12,123,14,5,8,0,10,-2,6,-23,-31,-60,-52,-77,-72,-101,-108,-115,-70,-85,-53,-53,-53,-53,-55,-56,-49,-60,-52,-54,-63,-43,33,21,35,39,30,22,43,0,0,0,0,0,0,0,0,0,10,0,10,5,5,9,8,6,37,41,41,42,36,39,55,63,96,103,101,98,97,98,137,110,141,29,66,58,84,84,90,87,95,87,83,87,90,16,16,0,0,0,0,0,0,0,0,0,0,0,0,0,0,0,0,0,0,0,0,0,0,0,0,0,0,0]} 1. e4 e5 2. Nf3 Nc6 3. Bc4 Bc5 4. d3 Nf6 5. Nbd2 d6 6. c3 O-O 7. O-O a5 {C54: Giuoco Piano: 4 c3 Nf6, main lines with 5 d4 and 5 d3.} 8. Bb3 Be6 {8...h6 is the fancy move.} 9. h3 Bxb3 10. axb3 Re8 11. Nh2 {[#]} d5 $146 ({Predecessor:} 11... Qd7 12. Qf3 Rad8 13. Nc4 d5 14. Nxa5 dxe4 15. dxe4 Nxa5 16. Rxa5 Bb6 17. Ra1 Re6 {1-0 (51) Andriasian,Z (2606)-Hovhannisyan,R (2642) Yerevan 2020}) 12. Qf3 d4 13. Rd1 Nd7 14. Ng4 Re6 {And now ...h5 would win.} 15. Nf1 h5 16. Ngh2 g6 {White must now prevent ...dxc3.} 17. Qe2 Be7 18. Nf3 Nc5 19. Qc2 Ra6 20. Bd2 dxc3 21. Bxc3 Rd6 (21... Nd4 $15 22. Bxd4 exd4) 22. Nxe5 $14 Nxe5 23. Bxe5 Rxd3 {[#]} 24. Bxc7 $1 Qd4 25. Rxd3 (25. Bxa5 {is interesting.} Rxd1 26. Rxd1 Qxe4 27. Qc3 Qe6 28. Re1) 25... Nxd3 26. Rd1 Rc6 27. Qxd3 Qxd3 28. Rxd3 Rxc7 $11 {[%mdl 4096] Endgame KRB-KRN} 29. Ne3 Rc1+ 30. Kh2 Bf6 31. Rd5 Bxb2 32. Rxa5 Bd4 33. Kg3 Rc3 34. Rb5 Bxe3 35. fxe3 Rxe3+ $14 {KR-KR} 36. Kf4 Rc3 37. Rxb7 Rc2 38. g3 Rf2+ 39. Ke3 Rg2 40. Kf3 Rg1 41. h4 Kg7 42. Rb6 ({White should try} 42. e5 $16) 42... Rf1+ 43. Ke2 Rg1 44. Kf2 Rb1 45. e5 Rd1 46. Rb7 Kf8 47. b4 Rd5 {[#]} 48. e6 (48. Ke3 $1 $16) 48... fxe6 $11 {The position is equal.} 49. Ke3 g5 $1 50. b5 {Strongly threatening b6.} gxh4 51. gxh4 Ke8 52. b6 Kd8 53. Rg7 Kc8 54. Re7 Rd6 55. b7+ (55. Rc7+ {looks sharper.} Kd8 56. Rh7 Rxb6 57. Rxh5 Kc7 58. Re5) 55... Kb8 56. Kf4 (56. Rg7 {with more complications.} Rd5 57. Kf4 Rd4+ 58. Ke5 Rb4 59. Kxe6 Rxh4 60. Kd6) 56... Rd5 57. Rxe6 Kxb7 58. Re5 Rxe5 59. Kxe5 Kc7 60. Kf6 Kd7 61. Kg6 Ke7 62. Kxh5 {Weighted Error Value: White=0.12/Black=0.08} 1/2-1/2

[Event "81st ARM-ch 2021"]
[Site "Yerevan"]
[Date "2021.02.25"]
[Round "9.2"]
[White "Ter-Sahakyan, Samvel"]
[Black "Martirosyan, Haik M."]
[Result "1/2-1/2"]
[WhiteElo "2640"]
[BlackElo "2622"]
[Annotator "TA"]
[PlyCount "121"]
[EventDate "2021.02.16"]
[EventType "tourn"]
[EventCountry "ARM"]
[SourceTitle "playchess.com"]
[Source "ChessBase"]
[SourceQuality "1"]

{[%evp 15,120,14,15,15,14,19,14,20,14,14,18,17,16,18,20,16,18,16,32,31,37,20,43,42,40,35,35,33,41,33,40,20,20,21,21,8,23,19,13,8,8,7,8,8,8,8,8,8,8,8,8,8,8,7,8,8,8,8,8,0,8,0,8,8,8,8,8,8,8,8,8,0,0,0,0,0,0,0,12,0,0,0,0,0,0,0,0,0,0,0,0,0,0,0,0,0,0,0,0,0,0,0,0,0,0,0,0]} 1. e4 e5 2. Nf3 Nc6 3. Bb5 Nf6 4. O-O Nxe4 5. Re1 Nd6 6. Nxe5 Be7 7. Bf1 Nxe5 8. Rxe5 O-O 9. Nc3 {[%cal Bb1c3,Bc3d5,Bd5e3,Be3f5,Bf5e7][%mdl 32] C67: Ruy Lopez: Berlin Defence: 4 0-0 Nxe4.} Ne8 10. Nd5 Bd6 11. Re1 c6 12. Ne3 Bc7 13. Nf5 d5 14. Ne7+ Kh8 {[#] White must now prevent ...Be6.} 15. Nxc8 Rxc8 16. d3 Qf6 17. Qg4 Bb6 18. Qf4 {[#]} Bc7 $146 ({Predecessor:} 18... Qd8 19. c3 Nc7 20. d4 Ne6 21. Qf3 Ng5 22. Bxg5 Qxg5 23. Re5 Qd8 24. Rae1 Kg8 {0-1 (39) Anand,V (2768)-Aronian,L (2767) Saint Louis 2018}) 19. Qxf6 Nxf6 20. Bd2 Rfe8 21. a4 Rxe1 22. Rxe1 Re8 23. Rb1 Ng4 24. h3 {[%cal Rh3g4]} Nh2 25. b4 {[%cal Bb2b4,Bb4b5][%mdl 32]} (25. Be3 {with more complications.} a6 26. b4 Nxf1 27. Kxf1 Be5 28. c4) 25... Nxf1 26. Kxf1 $11 {[%mdl 4096] Endgame KRB-KRB} Kg8 {The position is equal.} 27. b5 {Threatening bxc6.} (27. Be3 {keeps more tension.} Be5 28. c4 Bc3 29. cxd5 cxd5 30. Bxa7 Ra8 31. Rc1) 27... c5 28. c4 d4 29. a5 {[%cal Ba4a5,Ba5a6][%mdl 32]} Bd6 30. a6 {[#] b6 is the strong threat.} b6 31. g4 g6 32. Kg2 f6 33. Kf3 Kf7 34. Rg1 Re7 35. h4 Re8 36. Rh1 Re7 37. Kg2 Re2 38. Rd1 Bc7 39. Kf3 Re8 40. Rh1 Bd6 41. Re1 Rxe1 42. Bxe1 {KB-KB} Ke6 43. h5 Bc7 44. hxg6 (44. Ke4 {looks sharper.} Be5 45. Bd2 Bc7 46. Bc1 Be5 47. hxg6 hxg6 48. f4) 44... hxg6 45. Bd2 Bd6 46. Ke4 Bc7 (46... g5 {is interesting.} 47. Bc1 Bb8 48. Bb2 Bf4 49. Ba3 Bd6) 47. Kf3 Bd6 48. Bf4 Bxf4 49. Kxf4 {KP-KP} Kd6 50. Kg3 g5 51. f4 gxf4+ 52. Kxf4 Ke6 53. Ke4 Ke7 54. Kf5 Kf7 55. g5 fxg5 56. Kxg5 Ke7 57. Kf5 Kd7 58. Ke5 Kc7 59. Ke6 Kb8 60. Kd7 Ka8 61. Kc8 {Weighted Error Value: White=0.02/Black=0.02} 1/2-1/2